Engineerinf For Rural Development (Record no. 695)

MARC details
000 -LEADER
fixed length control field 00283nam a22001217a 4500
041 ## - LANGUAGE CODE
Language code of text/sound track or separate title ENG
100 ## - MAIN ENTRY--PERSONAL NAME
Personal name Gupta .R.K
245 ## - TITLE STATEMENT
Title Engineerinf For Rural Development
260 ## - PUBLICATION, DISTRIBUTION, ETC. (IMPRINT)
Place of publication, distribution, etc Delhi
Name of publisher, distributor, etc Jain Brothers
Date of publication, distribution, etc 1998
300 ## - PHYSICAL DESCRIPTION
Extent 229
650 ## - SUBJECT ADDED ENTRY--TOPICAL TERM
Topical term or geographic name as entry element Competitive Exam
856 ## - ELECTRONIC LOCATION AND ACCESS
Uniform Resource Identifier Competitive Exam
Holdings
Withdrawn status Lost status Source of classification or shelving scheme Damaged status Not for loan Home library Current library Shelving location Date acquired Total Checkouts Barcode Date last seen Price effective from Koha item type
    Dewey Decimal Classification     College of Agricultural Engineering and Technology, Dapoli , Library College of Agricultural Engineering and Technology, Dapoli , Library Book Cart 02/09/2021   003462 02/09/2021 02/09/2021 Books

Contact Us: College of Agricultural Engineering and Technology, Dapoli, Dist.- Ratnagiri
Website: https://dbskkv.org Email: caetlibrary2015@gmail.com